| 000 | 00906nac a22002771u 4500 | ||
|---|---|---|---|
| 003 | EG-ScBUE | ||
| 005 | 20220327095619.0 | ||
| 008 | 200219s1991 ctu f 000 0 eng d | ||
| 020 | _a9780300059342 | ||
| 020 | _a0300059345 | ||
| 040 |
_aEG-ScBUE _beng _erda _cEG-ScBUE _dEG-ScBUE |
||
| 082 | 0 | 4 |
_a891.709 _bTER _222 |
| 100 | 1 |
_aTerras, Victor, _eauthor. |
|
| 245 | 1 | 2 |
_aA history of Russian literature / _cVictor Terras. |
| 264 | 1 |
_aNew Haven ; _aLondon : _bYale University Press, _c1991. |
|
| 300 |
_ax, 654 pages ; _c26 cm |
||
| 336 |
_2rdacontent _atext _btxt |
||
| 337 |
_2rdamedia _aunmediated _bn |
||
| 338 |
_2rdacarrier _avolume _bnc |
||
| 504 | _aIncludes bibliographical references and index. | ||
| 650 | 7 |
_aRussian literature _xHistory and criticism. _2BUEsh |
|
| 651 | _2BUEsh | ||
| 653 |
_bHHUUEENN _cMarch2022 |
||
| 655 |
_vReading book _934232 |
||
| 942 |
_cBB _k891.709 TER _2ddc |
||
| 999 |
_c9651 _d9651 |
||